000 00483c a2200181 04500
001 46169
090 _a46169
100 _a19780801d1978 m y0pory5003 ba
101 0 _apor
102 _aPT
200 1 _aPoesias
_fde Fernando Pessoa
210 9 _aLisboa
_cÁtica,
_d[imp. 1942]
215 _a269 p.
_cil.
_d20 cm
225 2 _aPoesia
_eobras completas de Fernando Pessoa
_v1
675 _a821.134.3-1"19"
_vmed
_zpor
700 1 _aPessoa,
_bFernando,
_f1888-1935
801 0 _aPT
_bBN
_gRPC
990 _cLIVROS